000 00247nam a2200097Ia 4500
008 220204s9999 xx 000 0 und d
082 _a677.18
_bSUR
245 0 _aSurvey reports on coir industry
260 _aErnakulam
_bCoir board
_c1968
942 _cBK
999 _c23566
_d23566